| 000 | 00634nam a22002297a 4500 | ||
|---|---|---|---|
| 005 | 20170124110034.0 | ||
| 010 | _a983977 | ||
| 020 | _c00.00 | ||
| 035 | _a983977 | ||
| 037 | _bCen Lib/Ret | ||
| 040 |
_aDPL _bEN |
||
| 082 |
_a333 _bEYR |
||
| 100 |
_aEyre, S. R. _922244 |
||
| 245 |
_aThe real wealth of nations / _cby S. R. Eyre |
||
| 260 |
_aNew Delhi _bOxford and IBH Publishing _c1978 |
||
| 270 | _bNew Delhi | ||
| 300 |
_axi,220p. _c22cmHb) |
||
| 500 | _aIncludes bibliographical references and index | ||
| 650 |
_aNatural resources _922245 |
||
| 650 |
_aWealth _911020 |
||
| 942 |
_2ddc _cEN _h333 _mEYR |
||
| 999 |
_c128043 _d128043 |
||